00742cam a2200217 a 450000100100000000500170001000800410002704000290006805000110009708200130010810000500012124500450017126000420021630000110025849000360026983000430030591000330034804900090038195201170039099900170050700001892720200929165902.0910411nuuuuuuuufr 001 0 fre d aDO-SdBNPbfrecLCdBNPHU00a4N 322 ann*bnn*1 aDieulafoy, Marcel Auguste,d1844-1920.94073510aEspagne et Portugal /cMarcel Dieulafoy. aParis :bLibrairie Hachette,c[19??]. a415 p.1 aHistoire Générale De L´art 0aHistoire Générale De L´art940736 aCatalogación derivada / LC aBNGR 001054708MOaGRbGRcCTd2010-05-20iLF1l0onn* nn*p18927-10r2020-06-25w2020-06-25y4ZPréstamo en sala c18445d18445